| 000 | 00692nam a2200229 a 4500 | ||
|---|---|---|---|
| 003 | DO-SdBNP | ||
| 005 | 20220209091529.0 | ||
| 007 | ta | ||
| 008 | 220209e190? dr ||||grgl|| 00| 0 spa d | ||
| 040 |
_aDO-SdBNP _bspa _cBNPHU |
||
| 082 | 2 |
_222 _bB299r |
|
| 245 | 1 | 0 | _aBases y Reglamentos |
| 260 |
_aSanto Domingo : _b[Ateneo Dominicano], _c[1932?] |
||
| 300 |
_a22 p. ; _c20 cm. |
||
| 590 | _aInventariado 2022 / MF | ||
| 610 | 2 |
_aAteneo Dominicano _981190 |
|
| 650 | 4 |
_980386 _aAteneo Dominicano _xReglamentos _y1932 |
|
| 650 | 4 |
_951811 _aAsociaciones _xReglamentos _zRepública Dominicana |
|
| 650 | 4 |
_91277 _aAsociasiones _y1932 _zRepública Dominicana |
|
| 910 | _aMFeliz | ||
| 942 |
_2ddc _cLF2 |
||
| 999 |
_c51385 _d51385 |
||